书目信息 |
| 题名: |
近代化学基础
|
|
| 作者: | ;四川大学化学工程学院 编 | |
| 分册: | 基础有机化学分册 | |
| 出版信息: | 北京 高等教育出版社 2021.11 |
|
| 页数: | 413页 | |
| 开本: | 26cm | |
| 丛书名: | 面向21世纪课程教材 | |
| 单 册: | ||
| 中图分类: | O6 , O62 | |
| 科图分类: | ||
| 主题词: | 化学--hua xue--高等学校--教材 , 有机化学--you ji hua xue--高等学校--教材 | |
| 电子资源: | ||
| ISBN: | 978-7-04-056707-6 | |
| 000 | 01253nam 2200289 450 | |
| 001 | 29071 | |
| 005 | 20221011154752.72 | |
| 010 | @a978-7-04-056707-6@dCNY55.00 | |
| 100 | @a20220111d2021 em y0chiy50 ea | |
| 101 | 0 | @achi |
| 102 | @aCN@b110000 | |
| 105 | @aa z 000yy | |
| 200 | 1 | @a近代化学基础@Ajin dai hua xue ji chu@i基础有机化学分册@f四川大学化学工程学院编 |
| 205 | @a第4版 | |
| 210 | @a北京@c高等教育出版社@d2021.11 | |
| 215 | @a413页@c图@d26cm | |
| 225 | 2 | @a面向21世纪课程教材@Amian xiang 21 shi ji ke cheng jiao cai |
| 330 | @a本书为基础有机化学分册, 共14章, 内容包括: 原子结构和元素周期系, 分子结构和晶体结构, 配位化合物的结构, 化学反应的基本原理, 酸碱反应, 沉淀反应, 配位反应, 氧化还原反应, 化学分析, 物质概述, 主族元素的二元化合物, 主族元素的氧化物、氢氧化物、含氧酸及含氧酸盐, 过渡元素及其简单化合物, 过渡元素的配位化合物。 | |
| 410 | 0 | @12001 @a面向21世纪课程教材 |
| 517 | 1 | @a基础有机化学分册@Aji chu you ji hua xue fen ce |
| 606 | 0 | @a化学@Ahua xue@x高等学校@j教材 |
| 606 | 0 | @a有机化学@Ayou ji hua xue@x高等学校@j教材 |
| 690 | @aO6@v5 | |
| 690 | @aO62@v5 | |
| 711 | 02 | @a四川大学化学工程学院@Asi chuan da xue hua xue gong cheng xue yuan@4编 |
| 801 | 0 | @aCN@c20220910 |
| 905 | @a河南城建学院图书馆@dO6@eS716=4@f2 | |
| 近代化学基础.基础有机化学分册/四川大学化学工程学院编.-第4版.-北京:高等教育出版社,2021.11 |
| 413页:图;26cm.-(面向21世纪课程教材) |
| ISBN 978-7-04-056707-6:CNY55.00 |
| 本书为基础有机化学分册, 共14章, 内容包括: 原子结构和元素周期系, 分子结构和晶体结构, 配位化合物的结构, 化学反应的基本原理, 酸碱反应, 沉淀反应, 配位反应, 氧化还原反应, 化学分析, 物质概述, 主族元素的二元化合物, 主族元素的氧化物、氢氧化物、含氧酸及含氧酸盐, 过渡元素及其简单化合物, 过渡元素的配位化合物。 |
| ● |
| 相关链接 |
|
|
|
正题名:近代化学基础
索取号:O6/S716=4
 
预约/预借
| 序号 | 登录号 | 条形码 | 馆藏地/架位号 | 状态 | 备注 |
| 1 | 1582441 | 215824419 | 自科库401/401自科库 60排2列2层/ [索取号:O6/S716=4] | 在馆 | |
| 2 | 1582442 | 215824428 | 自科库401/401自科库 60排2列2层/ [索取号:O6/S716=4] | 在馆 |